| 000 | 00603nam a2200205Ia 4500 | ||
|---|---|---|---|
| 003 | OSt | ||
| 005 | 20250303090410.0 | ||
| 008 | 210210b1971 xxu||||| |||| 00| 0 eng d | ||
| 040 | _cAL | ||
| 041 | _dhin | ||
| 082 | _aH891.8 RAJE | ||
| 100 |
_aRAJENDRPRASAD. _9203266 |
||
| 110 |
_bराजेंद्रप्रसद _9203268 |
||
| 245 |
_aRajendraprasad ki atmakatha: _bराजेंद्रप्रसद की आत्मकता |
||
| 260 |
_aDilli _bS M Chand and Company Ltd _c1971 |
||
| 300 | _a275 | ||
| 690 |
_aHindi Miscellaneous _9203267 |
||
| 906 | _a029270 | ||
| 942 |
_2ddc _cBK |
||
| 999 |
_c80491 _d80491 |
||